| 000 | 00896nam a2200265 a 4500 | ||
|---|---|---|---|
| 001 | 000019299 | ||
| 005 | 20260528153546.0 | ||
| 008 | 100601s19uu sp ac 001 0 spa d | ||
| 020 | _a8430597433 | ||
| 040 |
_aDO-SdBNP _bspa _cBNPHU |
||
| 082 |
_aR 636.1 _bZ88c |
||
| 100 | 1 |
_aZorzan, Cinzia _941496 |
|
| 245 | 1 | 3 |
_aEl caballo : _b... las razas, la psicología, la alimentación, los primeros auxilios ... / _cCinzia Zorzan; traducción Lola Iglesias. |
| 260 |
_aMadrid : _bSusaeta, _c[19--?]. |
||
| 300 |
_a111 p. : _bil., retrs. ; _c22 cm. |
||
| 490 | 0 | _aPequeñas joyas | |
| 650 | 4 |
_aAlimentos para caballos _941497 |
|
| 650 | 4 |
_aCaballos _xEnfermedades _941498 |
|
| 650 | 4 |
_aCría de caballos _941499 |
|
| 650 | 0 |
_aRazas de caballos _941500 |
|
| 700 | 1 |
_aIglesias, Lola, _etr. _941501 |
|
| 830 | 1 |
_aPequeñas joyas _941502 |
|
| 910 | _aValidado. Control de calidad EMS. | ||
| 049 | _aBNPD | ||
| 999 |
_c18817 _d18817 |
||